[Event "Oberliga Bayern 0001"]
[Site "Bayern"]
[Date "2001.01.28"]
[Round "5"]
[White "Nussbaecher, Andreas"]
[Black "Goetz, Ralph"]
[Result "1/2-1/2"]
[WhiteElo "2130"]
[BlackElo "2275"]
[PlyCount "39"]
[EventDate "2000.10.15"]
[EventType "team-tourn"]
[EventRounds "9"]
[EventCountry "GER"]
[SourceTitle "EXT 2020"]
[Source "ChessBase"]
[SourceDate "2019.10.17"]
[SourceVersion "1"]
[SourceVersionDate "2019.10.17"]
[SourceQuality "1"]
[WhiteTeam "Muenchen 36"]
[BlackTeam "Passau"]
[WhiteTeamCountry "GER"]
[BlackTeamCountry "GER"]

1. d4 Nf6 2. Bg5 d5 3. Bxf6 exf6 4. e3 Bd6 5. g3 0-0 6. Bg2 c6 7. Ne2 Nd7 8. 0-0 f5 9. Nd2 Nf6 10. c4 dxc4 11. Nxc4 Bc7 12. Nc3 Be6 13. Ne5 Re8 14. Nd3 Bd6 15. Qc2 Qe7 16. a3 Rad8 17. b4 Bc4 18. Rfd1 Qe6 19. Rab1 Bxd3 20. Qxd3 1/2-1/2

[Event "Oberliga Bayern 9900"]
[Site "Bayern"]
[Date "2000.03.26"]
[Round "8.2"]
[White "Goetz, Ralph"]
[Black "Ibragimov, Ildar"]
[Result "1-0"]
[WhiteElo "2240"]
[BlackElo "2555"]
[PlyCount "87"]
[EventDate "1999.10.10"]
[EventType "team-tourn"]
[EventRounds "9"]
[EventCountry "GER"]
[SourceTitle "EXT 2020"]
[Source "ChessBase"]
[SourceDate "2019.10.17"]
[SourceVersion "1"]
[SourceVersionDate "2019.10.17"]
[SourceQuality "1"]
[WhiteTeam "Passau II"]
[BlackTeam "Bindlach"]
[WhiteTeamCountry "GER"]
[BlackTeamCountry "GER"]

1. e4 Nf6 2. e5 Nd5 3. d4 d6 4. Nf3 c6 5. c4 Nc7 6. exd6 exd6 7. Bg5 Be7 8. Bxe7 Qxe7+ 9. Be2 0-0 10. Nc3 Bg4 11. 0-0 Re8 12. h3 Bh5 13. Qd2 Nd7 14. Rfe1 Qf6 15. Nh2 Bg6 16. Bg4 Nb6 17. b3 h5 18. Be2 Ne6 19. Rad1 Re7 20. Bf1 Rae8 21. d5 cxd5 22. Nxd5 Nxd5 23. Qxd5 Rd8 24. Qd2 Nc5 25. Rxe7 Qxe7 26. Nf3 b6 27. Nd4 Qf6 28. Nc6 Rd7 29. Qe2 Be4 30. Nd4 Bg6 31. Qe8+ Kh7 32. Nb5 a6 33. Nd4 Re7 34. Qd8 Ne4 35. Nf3 b5 36. cxb5 axb5 37. Bd3 Nc3 38. Bxg6+ fxg6 39. Rxd6 Ne2+ 40. Kf1 Qa1+ 41. Rd1 Qf6 42. h4 g5 43. Nxg5+ Kg6 44. Qd3+ 1-0

[Event "Oberliga Bayern 9900"]
[Site "Bayern"]
[Date "2000.01.09"]
[Round "4.4"]
[White "Goetz, Ralph"]
[Black "Kirbach, Thomas"]
[Result "1-0"]
[WhiteElo "2275"]
[BlackElo "1985"]
[PlyCount "77"]
[EventDate "1999.10.10"]
[EventType "team-tourn"]
[EventRounds "9"]
[EventCountry "GER"]
[SourceTitle "EXT 2020"]
[Source "ChessBase"]
[SourceDate "2019.10.17"]
[SourceVersion "1"]
[SourceVersionDate "2019.10.17"]
[SourceQuality "1"]
[WhiteTeam "Passau II"]
[BlackTeam "Fuerth SF"]
[WhiteTeamCountry "GER"]
[BlackTeamCountry "GER"]

1. e4 d6 2. d4 Nf6 3. Nc3 g6 4. g3 Bg7 5. Bg2 c6 6. a4 a5 7. Nge2 Nbd7 8. h3 e5 9. Be3 Qc7 10. 0-0 0-0 11. Qd2 Rb8 12. g4 b5 13. axb5 cxb5 14. Ng3 b4 15. Nce2 Ba6 16. b3 Rfe8 17. Rfd1 Bxe2 18. Qxe2 Nf8 19. d5 N6d7 20. Ra2 Rec8 21. Nf1 Ra8 22. Rda1 Nc5 23. Nd2 Nfd7 24. Bf1 Qd8 25. Qf3 Nb7 26. Bb5 Ndc5 27. Nc4 a4 28. Bxa4 Nxa4 29. Rxa4 Rxa4 30. Rxa4 Ra8 31. Rxb4 Ra1+ 32. Kg2 Nc5 33. Rb6 Bf8 34. Bxc5 dxc5 35. Rb7 f6 36. d6 Qc8 37. d7 Qd8 38. Qd3 Re1 39. Rb8 1-0

[Event "Passau op 7th"]
[Site "Passau"]
[Date "1999.04.04"]
[Round "5"]
[White "Goetz, Ralph"]
[Black "Heumann, Joern"]
[Result "1-0"]
[WhiteElo "2285"]
[BlackElo "2048"]
[PlyCount "115"]
[EventDate "1999.04.02"]
[EventType "swiss"]
[EventRounds "7"]
[EventCountry "GER"]
[SourceTitle "EXT 2000"]
[Source "ChessBase"]
[SourceDate "1999.11.16"]
[SourceVersion "1"]
[SourceVersionDate "1999.11.16"]
[SourceQuality "1"]

1. e4 c5 2. Nf3 d6 3. d4 cxd4 4. Nxd4 Nf6 5. Nc3 a6 6. f3 e6 7. Be3 Qc7 8. Qd2 Nc6 9. g4 h6 10. 0-0-0 b5 11. Nxc6 Qxc6 12. e5 Nd5 13. Nxd5 Qxd5 14. Qc3 b4 15. Qc7 Qxf3 16. Bb6 Bd7 17. Bxa6 Qc6 18. Qxc6 Bxc6 19. Bc4 dxe5 20. Rhe1 e4 21. Bd4 Bd6 22. Bxg7 Bf4+ 23. Kb1 Rg8 24. Bd4 Rxg4 25. Bc5 Rb8 26. Rf1 e3 27. Rd4 e5 28. Rd6 Bb5 29. Bd3 e2 30. Re1 Rg2 31. Ba7 Bxd3 32. Rxd3 Rb7 33. Be3 Bxh2 34. Rd2 Rd7 35. Kc1 Rxd2 36. Kxd2 f5 37. Bxh6 f4 38. Rxe2 Rxe2+ 39. Kxe2 Ke7 40. Kf3 Ke6 41. Ke4 Kd6 42. Bf8+ Ke6 43. Bxb4 Bg1 44. Bc3 Bb6 45. a4 Bc7 46. b4 Kd7 47. b5 Kc8 48. Bb4 Kb7 49. c4 Bb8 50. a5 Ka7 51. Be1 Kb7 52. c5 Kc8 53. c6 Ba7 54. Kxe5 f3 55. b6 Bb8+ 56. Kd5 Kd8 57. a6 Kc8 58. a7 1-0

[Event "Passau op 7th"]
[Site "Passau"]
[Date "1999.04.02"]
[Round "1"]
[White "Goetz, Ralph"]
[Black "Weiland, Guenter"]
[Result "1-0"]
[WhiteElo "2285"]
[BlackElo "1872"]
[PlyCount "61"]
[EventDate "1999.04.02"]
[EventType "swiss"]
[EventRounds "7"]
[EventCountry "GER"]
[SourceTitle "EXT 2000"]
[Source "ChessBase"]
[SourceDate "1999.11.16"]
[SourceVersion "1"]
[SourceVersionDate "1999.11.16"]
[SourceQuality "1"]

1. e4 g6 2. d4 Bg7 3. c3 d6 4. f4 Nf6 5. Bd3 c6 6. Nf3 0-0 7. 0-0 Qc7 8. Qe1 c5 9. Qh4 b6 10. e5 Ne8 11. Be4 Bb7 12. f5 Bxe4 13. Qxe4 d5 14. Qh4 f6 15. fxg6 hxg6 16. Qg4 Qc6 17. Nh4 fxe5 18. Rxf8+ Bxf8 19. Nxg6 Ng7 20. Nxe5 Qe6 21. Qg3 cxd4 22. cxd4 Nc6 23. Nxc6 Qxc6 24. Nc3 b5 25. a3 a5 26. Qe5 e6 27. Bh6 Nf5 28. Bxf8 Rxf8 29. Rf1 Ng7 30. Rxf8+ Kxf8 31. Qb8+ 1-0

[Event "Passau op 7th"]
[Site "Passau"]
[Date "1999.04.02"]
[Round "2"]
[White "Klaus, Daniel"]
[Black "Goetz, Ralph"]
[Result "1/2-1/2"]
[WhiteElo "2065"]
[BlackElo "2285"]
[PlyCount "95"]
[EventDate "1999.04.02"]
[EventType "swiss"]
[EventRounds "7"]
[EventCountry "GER"]
[SourceTitle "EXT 2000"]
[Source "ChessBase"]
[SourceDate "1999.11.16"]
[SourceVersion "1"]
[SourceVersionDate "1999.11.16"]
[SourceQuality "1"]

1. e4 c5 2. Nc3 Nc6 3. g3 g6 4. Bg2 Bg7 5. d3 d6 6. f4 e5 7. Nge2 Nge7 8. 0-0 0-0 9. Nd5 Nxd5 10. exd5 Ne7 11. c3 Bf5 12. Be3 Rc8 13. Qd2 Qd7 14. Rfe1 Bh3 15. Bh1 Nf5 16. Bf2 Rfe8 17. Be4 Nh6 18. Kh1 Ng4 19. Ng1 Nxf2+ 20. Qxf2 Bg4 21. Qf1 Qb5 22. h3 Bd7 23. c4 Qb4 24. a3 Qb3 25. f5 b5 26. cxb5 gxf5 27. Bxf5 Qxd5+ 28. Be4 Qb3 29. Qf3 Qxb5 30. Rf1 Rf8 31. Qh5 h6 32. g4 Bc6 33. g5 Bxe4+ 34. dxe4 hxg5 35. Qxg5 Qb7 36. Rab1 d5 37. exd5 Qxd5+ 38. Kh2 Rb8 39. b4 Qd6 40. Rf2 e4+ 41. Kh1 Qg6 42. Qxc5 Qh6 43. Rf5 Rb6 44. Rh5 Qf4 45. Rg5 Qd2 46. Qf5 Rg6 47. Rxg6 fxg6 48. Qe6+ 1/2-1/2

[Event "Bundesliga 9798"]
[Site "Germany"]
[Date "1998.02.28"]
[Round "10.8"]
[White "Ankerst, Mihael"]
[Black "Goetz, Ralph"]
[Result "1-0"]
[WhiteElo "2350"]
[BlackElo "2295"]
[PlyCount "111"]
[EventDate "1997.10.18"]
[EventType "team-tourn"]
[EventRounds "15"]
[EventCountry "GER"]
[SourceTitle "GER-chT"]
[Source "ChessBase"]
[SourceDate "1999.07.01"]
[SourceVersion "1"]
[SourceVersionDate "1999.07.01"]
[SourceQuality "1"]
[WhiteTeam "Bochum"]
[BlackTeam "Passau"]
[WhiteTeamCountry "GER"]
[BlackTeamCountry "GER"]

1. e4 c5 2. Nf3 e6 3. d4 cxd4 4. Nxd4 Nf6 5. Nc3 Nc6 6. Nxc6 bxc6 7. e5 Nd5 8. Nxd5 cxd5 9. Bd3 Qc7 10. Qe2 Bb4+ 11. Kf1 Be7 12. h4 Rb8 13. c3 h5 14. Rh3 d6 15. Bf4 Bd7 16. Kg1 Kf8 17. Re3 Qb6 18. Qf3 dxe5 19. Bxe5 Bd6 20. Bg6 Be8 21. Bd4 Qc7 22. Rxe6 Kg8 23. Rxd6 Qxd6 24. Bf5 f6 25. b4 a6 26. a4 Bd7 27. Bc5 Qc6 28. Bg6 Qe6 29. Bd3 f5 30. b5 axb5 31. axb5 Rh6 32. Be3 Rf6 33. Ra6 Qf7 34. Rxf6 Qxf6 35. Qxd5+ Qf7 36. Qd6 Rc8 37. Bd4 f4 38. Be4 Re8 39. Bd5 Be6 40. Bc6 Rc8 41. b6 Rxc6 42. Qxc6 Bd5 43. Qc8+ Kh7 44. f3 Qg6 45. Qd7 Bxf3 46. Qxg7+ Qxg7 47. Bxg7 Be4 48. Be5 f3 49. g4 hxg4 50. Kf2 Kg6 51. Ke3 Bc6 52. Bg3 Kf5 53. c4 Bb7 54. Kd4 Ba8 55. c5 Bb7 56. h5 1-0

[Event "Bundesliga 9798"]
[Site "Germany"]
[Date "1997.10.19"]
[Round "2.8"]
[White "Groth, Klaus Ulrich"]
[Black "Goetz, Ralph"]
[Result "1/2-1/2"]
[WhiteElo "1890"]
[BlackElo "2295"]
[PlyCount "41"]
[EventDate "1997.10.18"]
[EventType "team-tourn"]
[EventRounds "15"]
[EventCountry "GER"]
[SourceTitle "GER-chT"]
[Source "ChessBase"]
[SourceDate "1999.07.01"]
[SourceVersion "1"]
[SourceVersionDate "1999.07.01"]
[SourceQuality "1"]
[WhiteTeam "Duisburg"]
[BlackTeam "Passau"]
[WhiteTeamCountry "GER"]
[BlackTeamCountry "GER"]

1. c4 Nf6 2. Nc3 d5 3. cxd5 Nxd5 4. g3 c5 5. Bg2 Nc7 6. d3 e5 7. Nf3 Nc6 8. 0-0 Be7 9. b3 f6 10. Bb2 Bg4 11. h3 Be6 12. Nd2 Qd7 13. Kh2 Rc8 14. Rc1 0-0 15. Nc4 b6 16. Qd2 Rfd8 17. Rfd1 Nd4 18. e3 Nc6 19. Ne2 Nb4 20. d4 Qe8 21. a3 1/2-1/2

[Event "Passau op 5th"]
[Site "Passau"]
[Date "1997.??.??"]
[Round "6"]
[White "Geberl, Hans Walter"]
[Black "Goetz, Ralph"]
[Result "0-1"]
[WhiteElo "2145"]
[BlackElo "2310"]
[PlyCount "46"]
[EventDate "1997.05.??"]
[EventType "swiss"]
[EventRounds "7"]
[EventCountry "GER"]
[SourceTitle "EXT 2001"]
[Source "ChessBase"]
[SourceDate "2000.11.22"]
[SourceVersion "1"]
[SourceVersionDate "2000.11.22"]
[SourceQuality "1"]

1. d4 Nf6 2. c4 e6 3. Nf3 d5 4. Nc3 c6 5. Bg5 h6 6. Bh4 g5 7. Bg3 dxc4 8. e4 b5 9. Be2 Bb4 10. 0-0 Bxc3 11. bxc3 Nxe4 12. Be5 Nxc3 13. Qc2 Nxe2+ 14. Qxe2 0-0 15. Nd2 f6 16. Bg3 Qxd4 17. Qh5 Kg7 18. Rad1 e5 19. h3 Qd3 20. Rfe1 Qg6 21. Qe2 Bf5 22. f3 Bd3 23. Qe3 Nd7 0-1

[Event "Passau op 5th"]
[Site "Passau"]
[Date "1997.??.??"]
[Round "1"]
[White "Goetz, Ralph"]
[Black "Beck, Stephan"]
[Result "1-0"]
[WhiteElo "2255"]
[BlackElo "1790"]
[PlyCount "81"]
[EventDate "1997.05.??"]
[EventType "swiss"]
[EventRounds "7"]
[EventCountry "GER"]
[SourceTitle "EXT 2001"]
[Source "ChessBase"]
[SourceDate "2000.11.22"]
[SourceVersion "1"]
[SourceVersionDate "2000.11.22"]
[SourceQuality "1"]

1. e4 c5 2. Nf3 e6 3. d4 cxd4 4. Nxd4 a6 5. Bd3 d6 6. 0-0 Nf6 7. Qe2 Be7 8. c4 0-0 9. Nc3 Qc7 10. f4 Nbd7 11. Kh1 Ra7 12. Bd2 b6 13. Rae1 Bb7 14. Bb1 Rc8 15. e5 Ne8 16. b3 g6 17. Qg4 Ng7 18. Nf3 Rd8 19. Ne4 Nf5 20. exd6 Nxd6 21. Neg5 Bf6 22. Qh3 Nf8 23. Bb4 Bg7 24. Ne5 h6 25. Ngf3 Nf5 26. Nd2 Nd7 27. Nxd7 Rxd7 28. Nf3 a5 29. Bxf5 axb4 30. Bb1 Ra5 31. Qg4 Rh5 32. h3 Rc5 33. Rd1 Rxd1 34. Rxd1 b5 35. Bd3 bxc4 36. Bxc4 Qe7 37. Nd2 h5 38. Qe2 Qh4 39. Ne4 Qxf4 40. Nxc5 Qg5 41. Nxb7 1-0

[Event "Bundesliga 9697"]
[Site "Germany"]
[Date "1997.??.??"]
[Round "?.8"]
[White "Goetz, Ralph"]
[Black "Darnstaedt, Frank"]
[Result "1/2-1/2"]
[WhiteElo "2310"]
[BlackElo "2295"]
[PlyCount "52"]
[EventDate "1996.10.12"]
[EventType "team-tourn"]
[EventRounds "15"]
[EventCountry "GER"]
[SourceTitle "GER-chT"]
[Source "ChessBase"]
[SourceDate "1999.07.01"]
[SourceVersion "1"]
[SourceVersionDate "1999.07.01"]
[SourceQuality "1"]
[WhiteTeam "Passau"]
[BlackTeam "Magdeburg"]
[WhiteTeamCountry "GER"]
[BlackTeamCountry "GER"]

1. e4 c5 2. Nf3 Nc6 3. d4 cxd4 4. Nxd4 Nf6 5. Nc3 e5 6. Ndb5 d6 7. a4 a6 8. Na3 Be6 9. Bc4 h6 10. Be3 Be7 11. Nd5 0-0 12. Bb6 Qd7 13. Qd3 Bd8 14. Nxf6+ Bxf6 15. Rd1 Be7 16. c3 Rac8 17. Bd5 Nd8 18. b3 Bxd5 19. exd5 f5 20. Nc4 Nf7 21. 0-0 e4 22. Qg3 Ng5 23. Be3 Qd8 24. Bb6 Qd7 25. Be3 Qd8 26. Bb6 Qd7 1/2-1/2

[Event "Passau op 5th"]
[Site "Passau"]
[Date "1997.??.??"]
[Round "3"]
[White "Goetz, Ralph"]
[Black "Seidel, Michael"]
[Result "1/2-1/2"]
[WhiteElo "2310"]
[BlackElo "2050"]
[PlyCount "76"]
[EventDate "1997.05.??"]
[EventType "swiss"]
[EventRounds "7"]
[EventCountry "GER"]
[SourceTitle "EXT 2001"]
[Source "ChessBase"]
[SourceDate "2000.11.22"]
[SourceVersion "1"]
[SourceVersionDate "2000.11.22"]
[SourceQuality "1"]

1. e4 d6 2. d4 Nf6 3. Nc3 g6 4. g3 Bg7 5. Bg2 c6 6. a4 0-0 7. h3 Nbd7 8. Nge2 e5 9. Be3 a5 10. Qd2 Qe7 11. 0-0 Re8 12. g4 exd4 13. Bxd4 Nc5 14. Ng3 Ne6 15. Be3 Nd7 16. f4 Nec5 17. Rfe1 Nb6 18. b3 Nbd7 19. Rad1 Ra6 20. Bf2 Ne6 21. Nb1 c5 22. Nf5 gxf5 23. exf5 Qf6 24. fxe6 fxe6 25. Bf1 Rb6 26. Na3 d5 27. Bg2 Kh8 28. Bxd5 Rd6 29. Qe3 Rf8 30. Bg2 Rxd1 31. Rxd1 Qb2 32. Nc4 Qxc2 33. Qd3 Qa2 34. Be3 b6 35. Bc6 Nb8 36. Be4 Ba6 37. Bxh7 Bxc4 38. bxc4 Nc6 1/2-1/2

[Event "Bundesliga 9697"]
[Site "Germany"]
[Date "1997.??.??"]
[Round "?.8"]
[White "Sievers, Stefan"]
[Black "Goetz, Ralph"]
[Result "1/2-1/2"]
[WhiteElo "2375"]
[BlackElo "2310"]
[PlyCount "27"]
[EventDate "1996.10.12"]
[EventType "team-tourn"]
[EventRounds "15"]
[EventCountry "GER"]
[SourceTitle "GER-chT"]
[Source "ChessBase"]
[SourceDate "1999.07.01"]
[SourceVersion "1"]
[SourceVersionDate "1999.07.01"]
[SourceQuality "1"]
[WhiteTeam "Hamburger SK"]
[BlackTeam "Passau"]
[WhiteTeamCountry "GER"]
[BlackTeamCountry "GER"]

1. e4 c5 2. Nf3 Nc6 3. d4 cxd4 4. Nxd4 Nf6 5. Nc3 Qb6 6. Nb3 e6 7. g3 a6 8. Bg2 Qc7 9. 0-0 Be7 10. a4 d6 11. Qe2 0-0 12. g4 d5 13. exd5 Nb4 14. f4 1/2-1/2

[Event "Landesliga Sued 9697"]
[Site "Bayern"]
[Date "1996.12.08"]
[Round "3"]
[White "Kuenzner, Franz"]
[Black "Goetz, Ralph"]
[Result "1/2-1/2"]
[WhiteElo "2320"]
[BlackElo "2260"]
[PlyCount "52"]
[EventDate "1996.10.13"]
[EventType "team-tourn"]
[EventRounds "9"]
[EventCountry "GER"]
[SourceTitle "EXT 2020"]
[Source "ChessBase"]
[SourceDate "2019.10.17"]
[SourceVersion "1"]
[SourceVersionDate "2019.10.17"]
[SourceQuality "1"]
[WhiteTeam "Trostberg TSV"]
[BlackTeam "Passau II"]
[WhiteTeamCountry "GER"]
[BlackTeamCountry "GER"]

1. e4 c5 2. c3 d5 3. exd5 Qxd5 4. d4 Nf6 5. dxc5 Qxc5 6. Nf3 Bg4 7. Be2 e6 8. Qb3 Qc7 9. h3 Bh5 10. Na3 Nbd7 11. Nb5 Qb6 12. Qa4 a6 13. Be3 Qd8 14. Nbd4 Be7 15. 0-0 Nd5 16. Bd2 0-0 17. c4 N5f6 18. Be3 Qc7 19. Rac1 Nc5 20. Qd1 Rfd8 21. b4 e5 22. bxc5 exd4 23. Nxd4 Bxe2 24. Qxe2 Bxc5 25. Rfd1 Ba3 26. Rb1 Rac8 1/2-1/2

[Event "Passau op 4th"]
[Site "Passau"]
[Date "1996.??.??"]
[Round "3"]
[White "Berelowitsch, Alexander"]
[Black "Goetz, Ralph"]
[Result "1-0"]
[WhiteElo "2475"]
[BlackElo "2270"]
[PlyCount "95"]
[EventDate "1996.04.??"]
[EventType "swiss"]
[EventRounds "7"]
[EventCountry "GER"]
[SourceTitle "EXT 2001"]
[Source "ChessBase"]
[SourceDate "2000.11.22"]
[SourceVersion "1"]
[SourceVersionDate "2000.11.22"]
[SourceQuality "1"]

1. e4 c5 2. c3 d5 3. exd5 Qxd5 4. d4 Nf6 5. Nf3 e6 6. Be3 cxd4 7. cxd4 Nc6 8. a3 Be7 9. Nc3 Qd6 10. Bd3 0-0 11. 0-0 b6 12. Qe2 Bb7 13. Rad1 h6 14. Bb1 Rfd8 15. Rfe1 Bf8 16. Qd2 Qd7 17. Qc2 g6 18. Ba2 Ne7 19. Ne5 Qe8 20. Bc1 Ned5 21. Rd3 Nxc3 22. bxc3 Be4 23. Rxe4 Nxe4 24. Re3 Nf6 25. Nxg6 Nd5 26. Bxd5 Rxd5 27. Nxf8 Kxf8 28. Qh7 h5 29. h4 Ke7 30. Rf3 Qg8 31. Qe4 Qg6 32. Bg5+ Kd7 33. Qe2 Rf5 34. Qa6 Rc8 35. Bf4 e5 36. Bxe5 Rxf3 37. Qb7+ Kd8 38. Qxf3 Rc6 39. Bg3 a5 40. d5 Rc5 41. d6 Qf5 42. Qb7 Rxc3 43. Qe7+ Kc8 44. Qe8+ Kb7 45. d7 Rc1+ 46. Kh2 Qb1 47. Qb8+ Ka6 48. Qc8+ 1-0

[Event "Weilburg NBG op"]
[Site "Weilburg"]
[Date "1996.??.??"]
[Round "1"]
[White "Goetz, Ralph"]
[Black "Schuh, Karsten"]
[Result "0-1"]
[WhiteElo "2335"]
[BlackElo "2240"]
[PlyCount "82"]
[EventDate "1996.??.??"]
[EventType "swiss"]
[EventRounds "9"]
[EventCountry "GER"]
[SourceTitle "EXT 1997"]
[Source "ChessBase"]
[SourceDate "1996.11.15"]
[SourceVersion "1"]
[SourceVersionDate "1996.11.15"]
[SourceQuality "1"]

1. e4 c5 2. Nf3 Nc6 3. d4 cxd4 4. Nxd4 Nf6 5. Nc3 e5 6. Ndb5 d6 7. Bg5 a6 8. Bxf6 gxf6 9. Na3 b5 10. Nd5 f5 11. Bd3 Be6 12. c3 Bg7 13. Qf3 f4 14. Nc2 0-0 15. g3 Kh8 16. gxf4 exf4 17. Qh5 Ne5 18. Be2 f3 19. Bxf3 f5 20. 0-0-0 Nxf3 21. Qxf3 fxe4 22. Qxe4 Bf5 23. Qe7 Qxe7 24. Nxe7 Bxc2 25. Kxc2 Rxf2+ 26. Rd2 Raf8 27. Rxf2 Rxf2+ 28. Kb3 Be5 29. Rg1 h5 30. h3 Kh7 31. Nd5 a5 32. Nc7 b4 33. a4 bxc3 34. bxc3 Rf3 35. Nb5 Rxh3 36. Rd1 h4 37. Kc4 Rf3 38. Kd5 h3 39. c4 h2 40. Ke4 Rg3 41. c5 Rg1 0-1

[Event "Bundesliga 9596"]
[Site "Germany"]
[Date "1996.??.??"]
[Round "?.7"]
[White "Podzielny, Karl Heinz"]
[Black "Goetz, Ralph"]
[Result "1-0"]
[WhiteElo "2465"]
[BlackElo "2335"]
[PlyCount "69"]
[EventDate "1995.10.14"]
[EventType "team-tourn"]
[EventRounds "15"]
[EventCountry "GER"]
[SourceTitle "GER-chT"]
[Source "ChessBase"]
[SourceDate "1999.07.01"]
[SourceVersion "1"]
[SourceVersionDate "1999.07.01"]
[SourceQuality "1"]
[WhiteTeam "Solingen"]
[BlackTeam "Passau"]
[WhiteTeamCountry "GER"]
[BlackTeamCountry "GER"]

1. d4 Nf6 2. Nf3 g6 3. c4 Bg7 4. Nc3 d5 5. Bg5 Ne4 6. cxd5 Nxg5 7. Nxg5 e6 8. Nf3 exd5 9. b4 Qd6 10. a3 0-0 11. e3 c6 12. Be2 Bg4 13. 0-0 Nd7 14. b5 Bxf3 15. Bxf3 f5 16. Qb3 Kh8 17. Qb4 Qe6 18. Rac1 f4 19. e4 dxe4 20. Nxe4 cxb5 21. Qxb5 Nb6 22. Nc5 Qf5 23. Rfd1 Rad8 24. Qb4 Rf7 25. Nxb7 Nd5 26. Bxd5 Rxd5 27. Nd6 Rxd6 28. Qxd6 f3 29. Rc5 Qg4 30. Qg3 Qd7 31. d5 Bf8 32. d6 Qa4 33. Qe5+ Kg8 34. Qd4 Qxa3 35. Rc8 1-0

[Event "Bundesliga 9596"]
[Site "Germany"]
[Date "1996.??.??"]
[Round "?.7"]
[White "Vogt, Lothar"]
[Black "Goetz, Ralph"]
[Result "1-0"]
[WhiteElo "2490"]
[BlackElo "2335"]
[PlyCount "55"]
[EventDate "1995.10.14"]
[EventType "team-tourn"]
[EventRounds "15"]
[EventCountry "GER"]
[SourceTitle "GER-chT"]
[Source "ChessBase"]
[SourceDate "1999.07.01"]
[SourceVersion "1"]
[SourceVersionDate "1999.07.01"]
[SourceQuality "1"]
[WhiteTeam "Koeln Porz"]
[BlackTeam "Passau"]
[WhiteTeamCountry "GER"]
[BlackTeamCountry "GER"]

1. e4 c5 2. Nf3 e6 3. d4 cxd4 4. Nxd4 Nf6 5. Nc3 Nc6 6. Ndb5 d6 7. Bf4 e5 8. Bg5 a6 9. Na3 b5 10. Bxf6 gxf6 11. Nd5 f5 12. exf5 Bxf5 13. c3 Bg7 14. Nc2 Be6 15. g3 0-0 16. Bg2 Rb8 17. 0-0 a5 18. Qh5 Qd7 19. Rad1 b4 20. Nce3 bxc3 21. bxc3 Rb2 22. g4 f5 23. gxf5 Rxf5 24. Nxf5 Bxf5 25. Ne3 Be6 26. Be4 h6 27. Nf5 d5 28. Nxh6+ 1-0

[Event "BL2-Sued 9495"]
[Site "Germany"]
[Date "1995.??.??"]
[Round "5.6"]
[White "Goetz, Ralph"]
[Black "Mokosch, Andreas"]
[Result "0-1"]
[WhiteElo "2350"]
[BlackElo "2210"]
[PlyCount "134"]
[EventDate "1994.10.??"]
[EventType "team-tourn"]
[EventRounds "9"]
[EventCountry "GER"]
[SourceTitle "GER-chT2"]
[Source "ChessBase"]
[SourceDate "1999.07.01"]
[SourceVersion "1"]
[SourceVersionDate "1999.07.01"]
[SourceQuality "1"]
[WhiteTeam "Passau"]
[BlackTeam "Marbach"]
[WhiteTeamCountry "GER"]
[BlackTeamCountry "GER"]

1. e4 e6 2. d4 d5 3. Nd2 c5 4. Ngf3 a6 5. dxc5 Bxc5 6. Bd3 Nc6 7. a3 Nf6 8. exd5 Qxd5 9. 0-0 Bd7 10. b4 Be7 11. Nc4 Rd8 12. Bf4 0-0 13. Bc7 Rde8 14. Nb6 Qh5 15. Nxd7 Nxd7 16. Bxa6 bxa6 17. Qxd7 Qb5 18. c4 Qb7 19. Rad1 Bxb4 20. axb4 Re7 21. Qd6 Rxc7 22. b5 axb5 23. cxb5 Ne7 24. Ne5 Nd5 25. Rb1 Rcc8 26. Nc6 Ra8 27. Rb3 Ra2 28. h3 h6 29. Rd1 Rfa8 30. Qe5 Qb6 31. Rf3 Qxb5 32. Ne7+ Kf8 33. Ng6+ Kg8 34. Ne7+ Kf8 35. Qxe6 Nf6 36. Qd6 R2a6 37. Nc6+ Kg8 38. Rc1 Ra1 39. Ne7+ Kh7 40. Rfc3 Ne4 41. Qc6 Nxc3 42. Qxc3 Rxc1+ 43. Qxc1 Qe5 44. Nc6 Qa1 45. Qxa1 Rxa1+ 46. Kh2 Ra3 47. f3 f6 48. Nd4 Kg6 49. Kg3 Ra4 50. Ne6 Ra6 51. Nc5 Rc6 52. Nd3 Kf5 53. Nf2 Rc3 54. h4 h5 55. Nh3 g5 56. hxg5 fxg5 57. Nf2 Re3 58. Nd1 Re1 59. Nf2 Re2 60. Nd3 Rd2 61. Nc5 Rd4 62. Nb3 Rd5 63. Nc1 Ke5 64. Ne2 Rd3 65. Ng1 Rd2 66. Nh3 Kf5 67. Ng1 g4 0-1

[Event "BL2-Sued 9495"]
[Site "Germany"]
[Date "1995.??.??"]
[Round "2.6"]
[White "Mudelsee, Manfred"]
[Black "Goetz, Ralph"]
[Result "1/2-1/2"]
[WhiteElo "2275"]
[BlackElo "2350"]
[PlyCount "84"]
[EventDate "1994.10.??"]
[EventType "team-tourn"]
[EventRounds "9"]
[EventCountry "GER"]
[SourceTitle "GER-chT2"]
[Source "ChessBase"]
[SourceDate "1999.07.01"]
[SourceVersion "1"]
[SourceVersionDate "1999.07.01"]
[SourceQuality "1"]
[WhiteTeam "Kirchheim"]
[BlackTeam "Passau"]
[WhiteTeamCountry "GER"]
[BlackTeamCountry "GER"]

1. e4 c5 2. Nf3 Nc6 3. Nc3 e5 4. Bc4 Be7 5. 0-0 d6 6. Nd5 Nf6 7. d3 h6 8. Ne1 0-0 9. f4 exf4 10. Nxe7+ Qxe7 11. Bxf4 Ne5 12. Bb3 Bg4 13. Qd2 b5 14. h3 Bd7 15. a3 c4 16. Ba2 Bc6 17. Nf3 Nxf3+ 18. Rxf3 Qe6 19. Raf1 d5 20. e5 Nd7 21. d4 f6 22. exf6 Rxf6 23. Bg3 Raf8 24. Re1 Qf7 25. Ref1 Qg6 26. Rxf6 Rxf6 27. Bh4 Rxf1+ 28. Kxf1 Qe4 29. Qe1 Qf4+ 30. Qf2 Qe4 31. Qe1 g5 32. Qxe4 dxe4 33. Bf2 Nb6 34. d5 Bxd5 35. Bxb6 axb6 36. Ke2 Kg7 37. Ke3 Kf6 38. c3 Ke5 39. Bb1 h5 40. Bc2 Bc6 41. Bd1 Be8 42. Be2 Bf7 1/2-1/2

[Event "BL2-West 9394"]
[Site "Germany"]
[Date "1994.??.??"]
[Round "?.5"]
[White "Morlo, Michael"]
[Black "Goetz, Ralph"]
[Result "1-0"]
[WhiteElo "2325"]
[BlackElo "2350"]
[PlyCount "41"]
[EventDate "1993.10.??"]
[EventType "team-tourn"]
[EventRounds "9"]
[EventCountry "GER"]
[SourceTitle "GER-chT2"]
[Source "ChessBase"]
[SourceDate "1999.07.01"]
[SourceVersion "1"]
[SourceVersionDate "1999.07.01"]
[SourceQuality "1"]
[WhiteTeam "Schott Mainz"]
[BlackTeam "Gelsenkirchen"]
[WhiteTeamCountry "GER"]
[BlackTeamCountry "GER"]

1. c4 Nf6 2. Nc3 c5 3. e4 Nc6 4. g3 e6 5. Bg2 d5 6. exd5 exd5 7. Nxd5 Nxd5 8. cxd5 Nd4 9. d3 Bf5 10. Nf3 Qxd5 11. 0-0 0-0-0 12. Nxd4 Qxd4 13. Be3 Qb4 14. Qf3 Be6 15. Rac1 Rd7 16. a3 Qb5 17. Qh5 Qxb2 18. Bxc5 Bxc5 19. Qxc5+ Kb8 20. Rb1 Qa2 21. Qc6 1-0